[Event "EU-chT Seniors 09th"]
[Site "Dresden"]
[Date "2007.02.19"]
[Round "4"]
[White "Tseitlin, Mark D"]
[Black "Khanukov, Boris"]
[Result "1-0"]
[WhiteElo "2480"]
[BlackElo "2374"]
[PlyCount "50"]
[EventDate "2007.02.16"]
[EventType "team-swiss"]
[EventRounds "9"]
[EventCountry "GER"]
[SourceTitle "CBM 117 Extra"]
[Source "ChessBase"]
[SourceDate "2007.05.09"]
[SourceVersion "1"]
[SourceVersionDate "2007.05.09"]
[SourceQuality "1"]

1. e4 g6 2. d4 Bg7 3. Nc3 c6 4. Bc4 d6 5. Qf3 e6 6. Bf4 d5 7. Bb3 Ne7 8. O-O-O
Nd7 9. h4 h6 10. Nge2 f5 11. exd5 exd5 12. Qe3 Nf6 13. f3 Kf7 14. Be5 Re8 15.
Nf4 Neg8 16. Qf2 g5 17. Nh3 Nh7 18. Bxg7 Kxg7 19. g4 Ngf6 20. gxf5 Bxf5 21.
Rdg1 Bxh3 22. Rxh3 Qd7 23. Qh2 Rh8 24. Rh1 Rae8 25. Qg2 Qf5 1-0

[Event "EU-ch Seniors 08th"]
[Site "Davos"]
[Date "2008.08.12"]
[Round "4"]
[White "Tseitlin, Mark D"]
[Black "Werner, Clemens"]
[Result "1-0"]
[WhiteElo "2438"]
[BlackElo "2315"]
[PlyCount "55"]
[EventDate "2008.08.09"]
[EventType "swiss"]
[EventRounds "9"]
[EventCountry "SUI"]
[SourceTitle "CBM 126 Extra"]
[Source "ChessBase"]
[SourceDate "2008.11.05"]
[SourceVersion "1"]
[SourceVersionDate "2008.11.05"]
[SourceQuality "1"]

1. e4 c5 2. Nf3 d6 3. d4 Nf6 4. Nc3 cxd4 5. Nxd4 g6 6. Be3 Bg7 7. Be2 O-O 8.
Qd2 Nc6 9. O-O-O Ng4 10. Bxg4 Bxg4 11. f3 Be6 12. Nxe6 fxe6 13. Bh6 Bxh6 14.
Qxh6 Qa5 15. f4 Rac8 16. Kb1 Nd8 17. Rd3 Rf7 18. g4 Rg7 19. Qh3 b5 20. g5 b4
21. Ne2 Qc5 22. Rc1 Rf7 23. Qg4 Qf2 24. b3 Rc5 25. e5 Nb7 26. Nd4 Rxf4 27.
Qxe6+ Rf7 28. Rf3 1-0

[Event "EU-ch Seniors 08th"]
[Site "Davos"]
[Date "2008.08.14"]
[Round "6"]
[White "Cebalo, Miso"]
[Black "Tseitlin, Mark D"]
[Result "0-1"]
[WhiteElo "2523"]
[BlackElo "2438"]
[PlyCount "142"]
[EventDate "2008.08.09"]
[EventType "swiss"]
[EventRounds "9"]
[EventCountry "SUI"]
[SourceTitle "CBM 126 Extra"]
[Source "ChessBase"]
[SourceDate "2008.11.05"]
[SourceVersion "1"]
[SourceVersionDate "2008.11.05"]
[SourceQuality "1"]

1. d4 Nf6 2. c4 g6 3. Nc3 d5 4. Nf3 Bg7 5. Bg5 Ne4 6. Bh4 Nxc3 7. bxc3 dxc4 8.
Qa4+ Qd7 9. Qxc4 b6 10. e3 Ba6 11. Qb3 Bxf1 12. Rxf1 Nc6 13. Ke2 O-O 14. Rfd1
Na5 15. Qb4 e6 16. Rac1 Rfc8 17. c4 c5 18. dxc5 Qb7 19. cxb6 axb6 20. Bg3 e5
21. Kf1 Bf8 22. Qb5 Rc5 23. Qd7 Qxd7 24. Rxd7 Nxc4 25. Rcd1 f6 26. Nd2 Rxa2 27.
Nxc4 Rxc4 28. Rb7 Rb2 29. f3 Rc8 30. Be1 b5 31. e4 b4 32. h4 f5 33. exf5 gxf5
34. Rd5 Rb1 35. Rxe5 b3 36. Ke2 b2 37. Bd2 Rg1 38. Be1 Rxg2+ 39. Kf1 Rh2 40.
Kg1 Rhc2 41. Rxf5 Rc1 42. Rxb2 Rxe1+ 43. Kg2 Be7 44. Rf4 Bd6 45. Rf5 Rcc1 46.
Kh3 Rh1+ 47. Kg4 Be7 48. Rh5 Rhg1+ 49. Kh3 Rh1+ 50. Kg4 Rcg1+ 51. Kf5 Rxh4 52.
Rxh4 Bxh4 53. Rb4 Rg5+ 54. Ke6 Rg6+ 55. Kf5 Be7 56. Rb7 Kf7 57. f4 Rg8 58. Rb6
Rg6 59. Rb2 h5 60. Ke4 h4 61. Rb5 Rg3 62. Kf5 h3 63. Rb6 Kg7 64. Rb7 h2 65.
Rxe7+ Kg8 66. Re8+ Kh7 67. Re7+ Rg7 68. Re1 Rg1 69. Re7+ Kh6 70. Re6+ Kg7 71.
Re7+ Kf8 0-1

[Event "EU-chT Seniors 12th"]
[Site "Dresden"]
[Date "2010.02.14"]
[Round "5"]
[White "Opl, Klaus"]
[Black "Tseitlin, Mark D"]
[Result "0-1"]
[WhiteElo "2360"]
[BlackElo "2404"]
[PlyCount "56"]
[EventDate "2010.02.10"]
[EventType "team-swiss"]
[EventRounds "9"]
[EventCountry "GER"]
[SourceTitle "CBM 134 Extra"]
[Source "ChessBase"]
[SourceDate "2010.03.03"]
[SourceVersion "1"]
[SourceVersionDate "2010.03.03"]
[SourceQuality "1"]
[WhiteTeam "Vienna (Seniors)"]
[BlackTeam "Israel (Seniors)"]
[WhiteTeamCountry "AUT"]
[BlackTeamCountry "ISR"]

1. e4 e5 2. Nc3 Nf6 3. f4 d5 4. fxe5 Nxe4 5. d3 Nxc3 6. bxc3 c5 7. Nf3 Nc6 8.
Be2 Be7 9. O-O O-O 10. d4 f6 11. exf6 Bxf6 12. dxc5 Bxc3 13. Rb1 Bf6 14. Bf4
Be7 15. Bd6 Be6 16. Rxb7 Bxd6 17. cxd6 Qxd6 18. Qd2 Qc5+ 19. Kh1 h6 20. Rd1
Rab8 21. Rdb1 Rxb7 22. Rxb7 d4 23. h3 Bf5 24. Ne1 Re8 25. Rb5 Qe7 26. Bc4+ Be6
27. Qe2 Qf7 28. Bxe6 Rxe6 0-1

[Event "EU-chT Seniors 12th"]
[Site "Dresden"]
[Date "2010.02.15"]
[Round "6"]
[White "Tseitlin, Mark D"]
[Black "Boehnisch, Manfred"]
[Result "1-0"]
[WhiteElo "2404"]
[BlackElo "2337"]
[PlyCount "75"]
[EventDate "2010.02.10"]
[EventType "team-swiss"]
[EventRounds "9"]
[EventCountry "GER"]
[SourceTitle "CBM 134 Extra"]
[Source "ChessBase"]
[SourceDate "2010.03.03"]
[SourceVersion "1"]
[SourceVersionDate "2010.03.03"]
[SourceQuality "1"]
[WhiteTeam "Israel (Seniors)"]
[BlackTeam "Leipzig (Seniors)"]
[WhiteTeamCountry "ISR"]
[BlackTeamCountry "GER"]

1. e4 c6 2. d4 d5 3. Nc3 dxe4 4. Nxe4 Bf5 5. Ng3 Bg6 6. h4 h6 7. Nf3 Nd7 8. h5
Bh7 9. Bd3 Bxd3 10. Qxd3 e6 11. Bd2 Qc7 12. O-O-O Ngf6 13. Qe2 O-O-O 14. Ne5
Nb6 15. Ba5 Rd5 16. Bxb6 axb6 17. c4 Rd8 18. f4 Bd6 19. Rd3 Qe7 20. Rhd1 Bc7
21. Ra3 Rd6 22. Nf5 exf5 23. Ra8+ Bb8 24. Rxb8+ Kxb8 25. Nxc6+ Rxc6 26. Qxe7
Rxc4+ 27. Kb1 Re8 28. Qxf7 Rc7 29. Qg6 Re2 30. Rc1 Rd7 31. Qxf5 Rxd4 32. a3 Ka7
33. Qb5 Rd5 34. Qb3 Rxh5 35. Qf7 Rh1 36. Ka2 Ree1 37. Rc7 Ne4 38. Rxb7+ 1-0

[Event "EU-chT Seniors 12th"]
[Site "Dresden"]
[Date "2010.02.16"]
[Round "7"]
[White "Tatai, Stefano"]
[Black "Tseitlin, Mark D"]
[Result "0-1"]
[WhiteElo "2348"]
[BlackElo "2404"]
[PlyCount "91"]
[EventDate "2010.02.10"]
[EventType "team-swiss"]
[EventRounds "9"]
[EventCountry "GER"]
[SourceTitle "CBM 134 Extra"]
[Source "ChessBase"]
[SourceDate "2010.03.03"]
[SourceVersion "1"]
[SourceVersionDate "2010.03.03"]
[SourceQuality "1"]
[WhiteTeam "Italy (Seniors)"]
[BlackTeam "Israel (Seniors)"]
[WhiteTeamCountry "ITA"]
[BlackTeamCountry "ISR"]

1. e4 c5 2. Nf3 d6 3. d4 cxd4 4. Nxd4 Nf6 5. Nc3 a6 6. Be3 e5 7. Nb3 Be7 8. f3
Be6 9. Qd2 O-O 10. O-O-O a5 11. Bb5 Nbd7 12. Qf2 Qb8 13. Rd3 Rc8 14. Rhd1 a4
15. Nd2 Ra5 16. Ndb1 Nc5 17. R3d2 Bxa2 18. Na3 Be6 19. Qe2 Ne8 20. Kb1 Nc7 21.
g4 Nxb5 22. Ncxb5 Ra6 23. h4 Nd7 24. g5 Rcc6 25. f4 exf4 26. Bxf4 Ne5 27. Nd4
Bg4 28. Nxc6 Rxc6 29. Qb5 Rc5 30. Qxa4 Bxd1 31. Rxd1 Qc8 32. Rd5 Rxd5 33. exd5
Qg4 34. Qe8+ Bf8 35. Bc1 Qxh4 36. Qb5 Nf3 37. Qxb7 Nxg5 38. Bxg5 Qxg5 39. b4 h5
40. b5 h4 41. Qc8 Qg3 42. Ka2 h3 43. b6 h2 44. b7 h1=Q 45. Qc4 Qe5 46. c3 0-1

[Event "ISR-chT 1011"]
[Site "Israel"]
[Date "2011.05.27"]
[Round "7.5"]
[White "Botvinnik, Mikhail I"]
[Black "Tseitlin, Mark D"]
[Result "0-1"]
[WhiteElo "2318"]
[BlackElo "2420"]
[PlyCount "69"]
[EventDate "2010.12.24"]
[EventType "team-tourn"]
[EventRounds "11"]
[EventCountry "ISR"]
[SourceTitle "EXT 2012"]
[Source "ChessBase"]
[SourceDate "2011.11.24"]
[SourceVersion "1"]
[SourceVersionDate "2011.11.24"]
[SourceQuality "1"]
[WhiteTeam "Tel Aviv Shlomo Har Zvi"]
[BlackTeam "Beer Sheva II"]
[WhiteTeamCountry "ISR"]
[BlackTeamCountry "ISR"]

1. Nf3 c5 2. g3 Nc6 3. Bg2 e5 4. d3 g6 5. c4 Bg7 6. Nc3 d6 7. Nd2 Nge7 8. Nf1
O-O 9. Ne3 Be6 10. Ned5 Qd7 11. Rb1 Bh3 12. O-O Bxg2 13. Kxg2 Nxd5 14. Nxd5 Ne7
15. Nxe7+ Qxe7 16. b4 f5 17. bxc5 dxc5 18. Rb5 Rf7 19. a4 Rc8 20. Qb3 g5 21. f3
h5 22. Be3 Bf8 23. Bg1 h4 24. e4 fxe4 25. dxe4 g4 26. gxh4 Rd8 27. fxg4 Rxf1
28. Kxf1 Qf7+ 29. Ke2 Bh6 30. g5 Qh5+ 31. Kf1 Rd1+ 32. Kf2 Qf7+ 33. Kg2 Qf1+
34. Kg3 Qxg1+ 35. Kh3 0-1

[Event "ISR-chT 13"]
[Site "Israel"]
[Date "2012.12.21"]
[Round "1.4"]
[White "Tseitlin, Mark D"]
[Black "Axelrod, Arie"]
[Result "1-0"]
[WhiteElo "2380"]
[BlackElo "2343"]
[PlyCount "65"]
[EventDate "2012.12.21"]
[EventType "team"]
[EventRounds "11"]
[EventCountry "ISR"]
[SourceTitle "EXT 2014"]
[Source "ChessBase"]
[SourceDate "2013.11.20"]
[SourceVersion "1"]
[SourceVersionDate "2013.11.20"]
[SourceQuality "1"]

1. e4 c5 2. Nf3 Nc6 3. Bb5 d6 4. O-O Bd7 5. Re1 a6 6. Bxc6 Bxc6 7. c3 Nf6 8. d4
Bxe4 9. Bg5 Bd5 10. c4 Bxf3 11. Qxf3 cxd4 12. Qxb7 Qc8 13. Qf3 e5 14. Bxf6 gxf6
15. c5 Rg8 16. Nd2 Rg6 17. Ne4 f5 18. Ng3 f4 19. Nf5 Rb8 20. cxd6 f6 21. Qxf4
Kf7 22. Qf3 Qb7 23. Qh3 Kg8 24. Rac1 Qd5 25. Rc7 h6 26. Rec1 d3 27. Rd1 Rxb2
28. Ne7+ Bxe7 29. dxe7 Rb8 30. Rd7 Qa8 31. R7xd3 Kh7 32. Rd8 Rg8 33. Qf5+ 1-0

[Event "ISR-chT 13"]
[Site "Israel"]
[Date "2013.01.18"]
[Round "7.4"]
[White "Birnboim, Nathan"]
[Black "Tseitlin, Mark D"]
[Result "0-1"]
[WhiteElo "2398"]
[BlackElo "2380"]
[PlyCount "130"]
[EventDate "2012.12.21"]
[EventType "team"]
[EventRounds "11"]
[EventCountry "ISR"]
[SourceTitle "EXT 2014"]
[Source "ChessBase"]
[SourceDate "2013.11.20"]
[SourceVersion "1"]
[SourceVersionDate "2013.11.20"]
[SourceQuality "1"]

1. e4 c5 2. Nf3 d6 3. Bb5+ Nd7 4. c4 a6 5. Ba4 e5 6. b4 Ngf6 7. bxc5 dxc5 8.
Nxe5 b5 9. Nxd7 Qxd7 10. e5 Ng4 11. O-O Be7 12. cxb5 axb5 13. e6 fxe6 14. Qxg4
Rxa4 15. Qxg7 Qd4 16. Qxd4 cxd4 17. d3 Bb7 18. Nd2 Kd7 19. Nb3 Rg8 20. g3 Bd6
21. Bb2 e5 22. Rfc1 Rga8 23. a3 b4 24. Rab1 bxa3 25. Ba1 a2 26. Nc5+ Bxc5 27.
Rxb7+ Kc6 28. Rb2 Ra3 29. Rbc2 R8a5 30. f4 Rxd3 31. fxe5 Kd5 32. Kg2 Re3 33.
Rd2 d3 34. Rcd1 Ke4 35. Kf1 Bb4 36. Rf2 d2 37. Rf4+ Kd3 38. Rxb4 Kc2 39. Kf2
Kxd1 40. Kxe3 Ke1 41. Rd4 Rxe5+ 42. Kf3 Rb5 43. Re4+ Kf1 44. Rd4 Rb3+ 45. Kf4
Ke2 46. Re4+ Kd3 47. Rd4+ Kc2 48. Rc4+ Kb1 49. Rd4 Kxa1 50. Rxd2 Kb1 51. Kg5
a1=Q 52. Rd1+ Kb2 53. Rxa1 Kxa1 54. Kh6 Rb7 55. h4 Kb2 56. g4 Kc3 57. g5 Kd4
58. h5 Ke5 59. g6 hxg6 60. Kxg6 Rb6+ 61. Kg5 Rb1 62. Kg6 Rg1+ 63. Kf7 Rh1 64.
Kg6 Ke6 65. h6 Rg1+ 0-1

[Event "ISR-chT 13"]
[Site "Israel"]
[Date "2013.02.01"]
[Round "9.3"]
[White "Tseitlin, Mark D"]
[Black "Deutsch, Eyal"]
[Result "1-0"]
[WhiteElo "2380"]
[BlackElo "2351"]
[PlyCount "111"]
[EventDate "2012.12.21"]
[EventType "team"]
[EventRounds "11"]
[EventCountry "ISR"]
[SourceTitle "EXT 2014"]
[Source "ChessBase"]
[SourceDate "2013.11.20"]
[SourceVersion "1"]
[SourceVersionDate "2013.11.20"]
[SourceQuality "1"]

1. e4 d5 2. exd5 Qxd5 3. Nf3 Nf6 4. Nc3 Qd6 5. d4 c6 6. Ne5 Nbd7 7. Nc4 Qc7 8.
Bg5 Nd5 9. Nxd5 cxd5 10. Ne3 e6 11. Bd3 Bd6 12. Qg4 Nf8 13. O-O-O Ng6 14. h4 f6
15. h5 fxg5 16. hxg6 h6 17. Bb5+ Kd8 18. Kb1 Rf8 19. Qe2 a6 20. Bd3 b5 21. Ng4
Ra7 22. Rh3 Qb6 23. c3 Re7 24. Re3 Bf4 25. Rf3 Ree8 26. Ne5 Bxe5 27. dxe5 Rxf3
28. Qxf3 Qc5 29. Qf7 Qe7 30. Qf3 Qc5 31. Qe2 Rf8 32. f3 Bd7 33. g3 Ke7 34. Rf1
Bc6 35. f4 gxf4 36. gxf4 Qb6 37. a3 Bd7 38. Qe1 Ke8 39. Qg3 Bc8 40. Bc2 Qc5 41.
Rd1 Qc4 42. Rd4 Qf1+ 43. Ka2 Qc1 44. Qf2 Bb7 45. Rd2 Bc6 46. f5 exf5 47. Qb6
Kd7 48. e6+ Kd6 49. Rxd5+ Kxd5 50. Bb3+ Kd6 51. Qd4+ Kc7 52. Qxg7+ Kb6 53. Qxf8
Be4 54. Qd6+ Ka7 55. Qd4+ Kb8 56. Qxe4 1-0

[Event "EU-ch Seniors 13th"]
[Site "Plovdiv"]
[Date "2013.03.16"]
[Round "6"]
[White "Ermenkov, Evgenij"]
[Black "Tseitlin, Mark D"]
[Result "0-1"]
[WhiteElo "2423"]
[BlackElo "2380"]
[PlyCount "126"]
[EventDate "2013.03.11"]
[EventType "swiss"]
[EventRounds "9"]
[EventCountry "BUL"]
[SourceTitle "CBM 153 Extra"]
[Source "ChessBase"]
[SourceDate "2013.04.22"]
[SourceVersion "1"]
[SourceVersionDate "2013.04.22"]
[SourceQuality "1"]

1. e4 c5 2. Nf3 d6 3. d4 cxd4 4. Nxd4 Nf6 5. Nc3 a6 6. a4 g6 7. Be2 Bg7 8. O-O
O-O 9. Be3 Nc6 10. f4 Bd7 11. Nb3 Rc8 12. Bf3 Qc7 13. a5 Nb4 14. Rf2 Bc6 15.
Bb6 Qb8 16. Nd5 Nbxd5 17. exd5 Bb5 18. Bd4 Qc7 19. Nc1 e6 20. dxe6 fxe6 21. Nb3
e5 22. fxe5 dxe5 23. Bb6 Qe7 24. Nd2 e4 25. Nxe4 Nxe4 26. Qd5+ Kh8 27. Qxe4
Qxe4 28. Bxe4 Bxb2 29. Rxf8+ Rxf8 30. Rb1 Rf7 31. Bxb7 Rxb7 32. Rxb2 Kg8 33.
Kf2 Kf7 34. Ke3 Ke6 35. Rb4 Bc6 36. g3 Rf7 37. c4 h5 38. Rb2 Rd7 39. Kf4 Kf6
40. h4 Rd1 41. Rf2 Rd3 42. Be3 Ra3 43. Rd2 Ke6 44. c5 Bd5 45. Rb2 g5+ 46. Kxg5
Rxe3 47. Rb6+ Ke5 48. Rxa6 Rxg3+ 49. Kxh5 Rg8 50. Kh6 Rh8+ 51. Kg5 Be6 52. Rb6
Rg8+ 53. Kh6 Kf6 54. Rb7 Rh8+ 55. Rh7 Rc8 56. Rb7 Rh8+ 57. Rh7 Ra8 58. Rg7 Bf5
59. Rh7 Bxh7 60. Kxh7 Rxa5 61. c6 Rh5+ 62. Kg8 Rxh4 63. c7 Rc4 0-1

[Event "EU-chT Seniors 15th"]
[Site "Dresden"]
[Date "2013.07.23"]
[Round "4"]
[White "Tseitlin, Mark D"]
[Black "Schulze, Ulrich"]
[Result "1-0"]
[WhiteElo "2388"]
[BlackElo "2316"]
[PlyCount "47"]
[EventDate "2013.07.20"]
[EventType "team-swiss"]
[EventRounds "9"]
[EventCountry "GER"]
[SourceTitle "CBM 155 Extra"]
[Source "ChessBase"]
[SourceDate "2013.08.26"]
[SourceVersion "1"]
[SourceVersionDate "2013.08.26"]
[SourceQuality "1"]
[WhiteTeam "Israel"]
[BlackTeam "Germany"]
[WhiteTeamCountry "ISR"]
[BlackTeamCountry "GER"]

1. e4 Nf6 2. e5 Nd5 3. Nc3 Nxc3 4. bxc3 d6 5. f4 g6 6. d4 Bg7 7. Nf3 O-O 8. Bc4
c5 9. O-O d5 10. Be2 Qa5 11. Bd2 Qc7 12. h3 b6 13. Be3 Ba6 14. Bd3 e6 15. Ng5
Bxd3 16. cxd3 cxd4 17. cxd4 Nc6 18. g4 Ne7 19. Qe1 Rac8 20. Qh4 h6 21. Nf3 Qd7
22. f5 exf5 23. Bxh6 fxg4 24. Bxg7 1-0

[Event "EU-chT Seniors 15th"]
[Site "Dresden"]
[Date "2013.07.25"]
[Round "6"]
[White "Tseitlin, Mark D"]
[Black "Sloth, Jorn"]
[Result "1-0"]
[WhiteElo "2388"]
[BlackElo "2342"]
[PlyCount "49"]
[EventDate "2013.07.20"]
[EventType "team-swiss"]
[EventRounds "9"]
[EventCountry "GER"]
[SourceTitle "CBM 155 Extra"]
[Source "ChessBase"]
[SourceDate "2013.08.26"]
[SourceVersion "1"]
[SourceVersionDate "2013.08.26"]
[SourceQuality "1"]
[WhiteTeam "Israel"]
[BlackTeam "Denmark"]
[WhiteTeamCountry "ISR"]
[BlackTeamCountry "DEN"]

1. e4 e6 2. d4 d5 3. Nd2 c5 4. Ngf3 a6 5. dxc5 Bxc5 6. Bd3 Nf6 7. Qe2 Nc6 8. a3
Qc7 9. O-O h6 10. exd5 Nxd5 11. Ne4 Be7 12. g3 f5 13. Ned2 e5 14. Re1 e4 15.
Nxe4 fxe4 16. Bxe4 Qd6 17. c4 Nb6 18. c5 Qxc5 19. Be3 Qb5 20. Bxb6 Qxe2 21.
Rxe2 O-O 22. Bd5+ Kh8 23. Bxc6 bxc6 24. Rxe7 Rxf3 25. Bd4 1-0

[Event "EU-ch Seniors 65 Blitz"]
[Site "Porto"]
[Date "2014.03.21"]
[Round "8"]
[White "Tseitlin, Mark D"]
[Black "Werner, Clemens"]
[Result "1-0"]
[WhiteElo "2341"]
[BlackElo "2330"]
[PlyCount "75"]
[EventDate "2014.03.21"]
[EventType "swiss (blitz)"]
[EventRounds "9"]
[EventCountry "POR"]
[SourceTitle "EXT 2015"]
[Source "ChessBase"]
[SourceDate "2014.11.20"]
[SourceVersion "1"]
[SourceVersionDate "2014.11.20"]
[SourceQuality "1"]

1. e4 c5 2. Nf3 d6 3. d4 Nf6 4. Nc3 cxd4 5. Nxd4 g6 6. Be3 Bg7 7. f3 Nc6 8. Qd2
O-O 9. O-O-O d5 10. exd5 Nxd5 11. Nxc6 bxc6 12. Bd4 Bxd4 13. Qxd4 Qb6 14. Na4
Qa5 15. b3 Be6 16. Qc5 Qc7 17. Bc4 Rfd8 18. g3 Rab8 19. Rd2 Nb6 20. Bxe6 Nxa4
21. Bxf7+ Kxf7 22. Qc4+ Kf8 23. Rxd8+ Rxd8 24. Qxa4 e5 25. Re1 Qd6 26. Kb1 Rd7
27. Qe4 Kg7 28. Qxe5+ Qxe5 29. Rxe5 Rd2 30. Re7+ Kh6 31. Rxa7 Rxh2 32. a4 Rg2
33. g4 Rf2 34. Rf7 Kg5 35. a5 Re2 36. a6 Re8 37. Rxh7 Kf4 38. Rf7+ 1-0